• 首页
  • 本馆介绍
  • 公告通知
  • 最新文献
  • 馆藏检索
  • 电子资源
  • 读者导购
  • 参考咨询
  • 我的图书馆
  • 登录
  • 详细信息显示
  • 放入我的书架
  • 预约/预借图书
  • 作者相关作品
  • 分类相关作品
  • 丛书相关作品
  • 出版社相关作品

书目信息

  • 表格格式
  • 工作单格式
  • 卡片格式
题名:
美国教育史
    
 
作者: 克雷明 著 ;朱旭东 译
分册: 三   城市化时期的历程(1876~1980)
出版信息: 北京   北京师范大学出版社  2002
页数: 759页
开本: 20cm
丛书名:
单 册:
中图分类: G571.29
科图分类:
主题词: 教育史--美国--1876-1980
电子资源:
ISBN: 7-303-06506-7
000 00974nam0 2200253 450
001 1547523259
005 20150201131222.32
010    @a7-303-06506-7@dCNY35.00
100    @a20031226d2002 kemy0chiy50 ea
101 1  @achi@ceng
102    @aCN@b110000
105    @ay z 000yd
200 1  @a美国教育史@9mei guo jiao yu shi@h三@i城市化时期的历程(1876~1980)@f(美)劳伦斯·A.克雷明著@g朱旭东等译
210    @a北京@c北京师范大学出版社@d2002
215    @a759页@d20cm
305    @a美国新闻署授权出版
330    @a本卷论至1980年,重点放在美国社会城市化过程中教育在体制上的转型和数量上的激增,阐述了美国文化和文明输出到世界其他地区的过程中这些教育体制和教育机构所起的作用等内容。
510 1  @aAmerican Education@zeng
606 0  @a教育史@y美国@z1876-1980
690    @aG571.29@v5
701  0 @c(美)@a克雷明@9ke lei ming@c(Cremin, Lawrence Arthur@f1925~1990)@4著
702  0 @a朱旭东@9zhu xu dong@f(1965~)@4译
801  0 @aCN@bTSSF@c20150201
905    @aZUCC@dG571.29@eJY1:3
    
    美国教育史.三.城市化时期的历程(1876~1980)/(美)劳伦斯·A.克雷明著/朱旭东等译.-北京:北京师范大学出版社,2002
    759页;20cm
    
    
    ISBN 7-303-06506-7:CNY35.00
    本卷论至1980年,重点放在美国社会城市化过程中教育在体制上的转型和数量上的激增,阐述了美国文化和文明输出到世界其他地区的过程中这些教育体制和教育机构所起的作用等内容。
●
相关链接 在E读中查询图书 在五车中查询图书 在当当中查询图书 在豆瓣中查询图书


正题名:美国教育史     索取号:G571.29/JY1:3         预约/预借

序号 登录号 条形码 馆藏地/架位号 状态 备注
1 7857562   278575622   学院路分馆/ [索取号:G571.29/JY1:3] 在馆    
唐山师范学院图书馆 欢迎您!
大连网信软件有限公司© 版权所有